| LEADER | 00815cam a2200205 7i4500 | ||
|---|---|---|---|
| 001 | 0000004089 | ||
| 005 | 20171026090000.0 | ||
| 020 | |a 9780444511409 (hbk.) | ||
| 020 | |a 0444511407 (hbk.) | ||
| 090 | 0 | 0 | |a QC183 |b .A34 2002 |
| 245 | 0 | 0 | |a Adhesion science and engineering. |
| 260 | |a Amsterdam: |b Elsevier, |c 2002. | ||
| 300 | |a 2 v.: |b ill.; |c 25 cm. | ||
| 505 | 0 | |a v. 1. The mechanics of adhension / edited by D.A. Dillard, A. V. Pocius. -- v. 2. Surfaces, chemistry and applications / edited by M. Chaudhury, A. V. Pocius | |
| 650 | 0 | 0 | |a Adhesives |
| 650 | 0 | 0 | |a Adhesion |
| 997 | |a Engineering & Life Sciences, Faculty |b Engineering, Department | ||
| 998 | |a Mechanical Engineering, Degree | ||
| 999 | |a 0000007519 |b BOK |c REFERENCE |e Ground Floor, Bestari Jaya | ||
| 999 | |a 0000008667 |b BOK |c REFERENCE |e Ground Floor, Bestari Jaya | ||


